Discrete mathematics computer organisation mathematics-1 : I sem. MCA, VTU (Record no. 176058)

MARC details
000 -LEADER
fixed length control field 00508nam a2200157Ia 4500
008 - FIXED-LENGTH DATA ELEMENTS--GENERAL INFORMATION
fixed length control field 231217s9999 xx 000 0 und d
041 ## - LANGUAGE CODE
Language code of text/sound track or separate title English
082 ## - DEWEY DECIMAL CLASSIFICATION NUMBER
Classification number 511 VAS.1 R
100 ## - MAIN ENTRY--PERSONAL NAME
Personal name Vasudev, C Ashok Kumar Hussain, Syed Hyder
245 #0 - TITLE STATEMENT
Title Discrete mathematics computer organisation mathematics-1 : I sem. MCA, VTU
250 ## - EDITION STATEMENT
Edition statement 1st ed.
260 ## - PUBLICATION, DISTRIBUTION, ETC.
Date of publication, distribution, etc. 2004
Name of publisher, distributor, etc. Subhas Publ.
Place of publication, distribution, etc. Bangalore
300 ## - PHYSICAL DESCRIPTION
Extent 351
650 ## - SUBJECT ADDED ENTRY--TOPICAL TERM
Topical term or geographic name entry element Discrete,mathematics,computer,organisation,mathematics-1,:,sem.,MCA,
942 ## - ADDED ENTRY ELEMENTS (KOHA)
Koha item type Books
Holdings
Date last seen Total checkouts Full call number Accession number Price effective from Category Public note Lost status Damaged status Department Withdrawn status Home library Current library Shelving location Entry date Vendor Grants Billdate Currency symbol Conversion rate Discount Old discount
26/01/2024   511 VAS.1 R 37614 26/01/2024 Books Weeded Out 2016     MCA   Central Library Central Library MCA 02/08/2005 Publisher MCA 04/07/2007 RS 1    

© For any Suggestions or Query, please contact the library staff @ librarian@pes.edu or Phone: +9180 2672 1983/ 2108.